Rochefourchat - Choix multiples - Statistiques

Statistiques générales
  • Ce quiz a été pris 9 fois
  • Le résultat moyen est 6 sur 10
Statistiques - réponses
Question Réponse % Correct
Lequel de ces éléments ne peut-on PAS voir à Rochefourchat ?
88%
Dans quel département se situe Rochefourchat ? Drôme
88%
Jusqu'en 2024, qu'est-ce qui faisait de cette commune un cas unique en France ? Elle était la seule à n'avoir qu'un seul habitant
88%
En 2026 pourtant, combien de personnes y habitent de manière permanente en France ? 3
75%
Quelle ville majeure de plus de 4 000 habitants se trouve à moins de 25 km de Rochefourchat ? Die
63%
Où se situe Rochefourchat sur la carte du département ?
50%
Qui est Jean-Baptiste de Martigny, maire de Rochefourchat depuis 2008 ? Un avocat parisien qui souhaitait une résidence secondaire
50%
D'ailleurs, combien de conseillers municipaux siègent à Rochefourchat ? 7
38%
Quel prénom pourrait bien porter l'ex-unique Rochefourchatienne de France ? Josette
13%
Qu'est-ce ce dernier interdit sur sa commune afin de protéger son "authenticité exceptionnelle" ? Le jumelage avec d'autres villages
0%
Aucun quiz correspondant
Distribution des résultats
% des personnes avec chaque résultat
Percentile par nombre de réponses
Votre historique - résultats
Vous n’avez pas pris ce quiz